| 000 | 00800cab a2200265 4500 | ||
|---|---|---|---|
| 001 | ABS45314 | ||
| 008 | 090401t1991 xxu||||| |||| 00| 0 eng d | ||
| 035 | _a(Sirsi) u52284 | ||
| 041 | _aeng | ||
| 100 | _aVan den Bos, J. | ||
| 245 | _aTowering above the rest? | ||
| 260 | _c1991 | ||
| 350 | _a0 | ||
| 490 |
_aEuroProperty _vOctober 1991, 14-21(5) |
||
| 520 | _aExamines the post-unification boom in commercial property in Frankfurt, the European city of skyscrapers. | ||
| 650 | _aGERMANY | ||
| 650 | _aPROPERTY-COMMERCIAL PROPERTY-OFFICE PROPERTY-OFFICE PROPERTY MARKET | ||
| 650 | _aOFFICE TOWERS | ||
| 650 | _aOFFICES | ||
| 650 | _aRENTS | ||
| 690 | _aPROPERTY-COMMERCIAL PROPERTY-COMMERCIAL PROPERTY MARKET | ||
| 690 | _aOVERSEAS-EUROPE | ||
| 942 | _n0 | ||
| 948 | _c04/03/1997 | ||
| 999 |
_c32425 _d32425 |
||